| 000 | 00649nam a2200181 i 4500 | ||
|---|---|---|---|
| 001 | 41672 | ||
| 003 | ES-MaACL | ||
| 005 | 20230906160454.0 | ||
| 007 | t| | ||
| 008 | 030311s1921 sp ||||1| spa d | ||
| 100 | 1 |
_aCastellanos, Juan de. _936527 |
|
| 245 | 1 | 0 |
_aDiscurso de el Capitán Francisco Draque, que compuso Juan de Castellanos Beneficiado de Tunja 1586-7 / _cJuan de Castellanos ; [prólogo de Angel González Palencia]. |
| 260 |
_aMadrid : _b[Estanislao Maestre], _c1921. |
||
| 300 |
_aCXVII, 384 p. ; _c23 cm. |
||
| 700 | 1 |
_aGonzález Palencia, Ángel, _d1889-1949 _958854 |
|
| 852 |
_aES-MaACL _jC-1169 |
||
| 999 |
_c41672 _d41672 |
||